Los tratados : (Record no. 121881)

MARC details
000 -LEADER
campo de control de longitud fija 00822nam a2200241 i 4500
001 - NÚMERO DE CONTROL
campo de control 121881
003 - IDENTIFICADOR DE NÚMERO DE CONTROL
campo de control ES-MaACL
005 - FECHA Y HORA DE LA ÚLTIMA TRANSACCIÓN
campo de control 20251201193356.0
007 - CAMPO FIJO DE DESCRIPCIÓN FÍSICA--INFORMACIÓN GENERAL
campo de control de longitud fija t|
008 - DATOS DE LONGITUD FIJA--INFORMACIÓN GENERAL
campo de control de longitud fija 070214q1955 sp r ||||1| spa d
100 0# - ENTRADA PRINCIPAL--NOMBRE DE PERSONA
Nombre de persona Plutarco
9 (RLIN) 92678
245 14 - MENCIÓN DEL TÍTULO
Título Los tratados :
Resto del título sobre las mujeres, sobre el amor, sobre el matrimonio, sobre la muerte, sobre la salud, y otros no menos interesantes /
Mención de responsabilidad, etc. Plutarco ; traducción, prólogo y notas de Juan B. Bergua.
260 ## - PUBLICACIÓN, DISTRIBUCIÓN, ETC.
Lugar de publicación, distribución, etc. Madrid :
Nombre del editor, distribuidor, etc. Ed. Ibéricas,
Fecha de publicación, distribución, etc. [1955?]
300 ## - DESCRIPCIÓN FÍSICA
Extensión 365 p. ;
Dimensiones 16 cm.
700 1# - ENTRADA AGREGADA--NOMBRE PERSONAL
Nombre de persona Bergua, Juan B.,
Fechas asociadas al nombre 1892-1991
9 (RLIN) 28018
740 02 - ENTRADA AGREGADA--TÍTULO RELACIONADO/ANALÍTICO NO CONTROLADO
Título relacionado o analítico no controlado Sobre las mujeres.
740 02 - ENTRADA AGREGADA--TÍTULO RELACIONADO/ANALÍTICO NO CONTROLADO
Título relacionado o analítico no controlado Sobre el amor.
740 02 - ENTRADA AGREGADA--TÍTULO RELACIONADO/ANALÍTICO NO CONTROLADO
Título relacionado o analítico no controlado Sobre el matrimonio.
740 02 - ENTRADA AGREGADA--TÍTULO RELACIONADO/ANALÍTICO NO CONTROLADO
Título relacionado o analítico no controlado Sobre la muerte.
740 02 - ENTRADA AGREGADA--TÍTULO RELACIONADO/ANALÍTICO NO CONTROLADO
Título relacionado o analítico no controlado Sobre la salud.
852 4# - LOCALIZACIÓN
Ubicación ES-MaACL
Número de control de estantería C-10794
Holdings
Estatus retirado Estado de pérdida Estado de daño No para préstamo Biblioteca de origen Biblioteca actual Ubicación en estantería Fecha de adquisición Fuente de adquisición Total de préstamos Signatura topográfica completa Código de barras Visto por última vez Precio de reemplazo Tipo de ítem Koha
        Biblioteca del Ateneo de Madrid Biblioteca del Ateneo de Madrid Sala Palomar 17/01/2008     C-10794 1127015 23/02/2023 23/02/2023 Libro impreso